Music Quiz

Random Music Quiz
Score 0/12 Timer 10:00
0 Plays Today
Follow Up Lyric Complete The Lyric % Correct
I Hope You Had thetime
98.6%
I Hope You Had thetime
98.6%
Another Turning Point afork
95.8%
For What It'sworth
94.4%
It's Not a Question but alesson
93%
It's Something unpredictable
93%
It's Somethingunpredictable
93%
Time Grabs You By the wrist
88.7%
So Take the photographs
88.7%
Tattoes of memories
88.7%
Hang It On a Shelf in Goodhealth
71.8%
So Make the Best of Thistest
64.8%
Remove Ads.
Support Sporcle.
Get the best of Sporcle when you Go Orange. This ad-free experience offers more features, more stats, and more fun while also helping to support Sporcle. Thank you for becoming a member.

You're not logged in!

Compare scores with friends on all Sporcle quizzes.
OR
Log In

Show Comments

Extras

Created Nov 8, 2010SourceReportNominate
Tags:complete, Follow

Top Quizzes Today


Score Distribution

Your Account Isn't Verified!

In order to create a playlist on Sporcle, you need to verify the email address you used during registration. Go to your Sporcle Settings to finish the process.

Report this User

Report this user for behavior that violates our Community Guidelines.

Details: